|
|
|
|
| LEADER |
00767cam a2200241 7i4500 |
| 001 |
0000005552 |
| 005 |
20150327090000.0 |
| 003 |
iicp-my |
| 005 |
20021204214200.0 |
| 008 |
000000 00 |
| 020 |
|
|
|a 031406382X
|
| 039 |
|
9 |
|y 200212042142
|z VLOAD
|
| 090 |
0 |
0 |
|a 174.4
|b JEN
|
| 090 |
0 |
0 |
|a 174.4
|
| 100 |
0 |
|
|a Jennings, Marianne Moody
|
| 245 |
0 |
0 |
|a Case studies in business ethics
|c Marianne Moody Jennings.
|
| 250 |
|
|
|a 2nd ed..
|
| 260 |
|
|
|a Minneapolis/St. Paul:
|b West Publishing,
|c 1996.
|
| 300 |
|
|
|a xxvi, 331p.:
|b ill.;
|c 26 cm..
|
| 500 |
|
|
|a Includes bibliograohical references and indexes
|
| 650 |
|
0 |
|a Business studies --
|x Case studies --
|z United States
|
| 900 |
|
|
|a Syarikat Lee Aun
|
| 999 |
|
|
|a 1000010786
|b Book
|c Green Spot
|